• 首页
  • 本馆介绍
  • 公告通知
  • 最新文献
  • 馆藏检索
  • 电子资源
  • 读者导购
  • 参考咨询
  • 我的图书馆
  • 登录
  • 详细信息显示
  • 放入我的书架
  • 预约/预借图书
  • 作者相关作品
  • 分类相关作品
  • 丛书相关作品
  • 出版社相关作品

书目信息

  • 表格格式
  • 工作单格式
  • 卡片格式
题名:
休闲办公空间
    
 
作者: 白路 编 ;海阅通文化 编
分册:  
出版信息: 南京   江苏凤凰科学技术出版社  2014.10
页数: 311页
开本: 30cm
丛书名:
单 册:
中图分类: TU243
科图分类:
主题词: 办公建筑--ban gong jian zhu--室内装饰设计--图集
电子资源:
ISBN: 978-7-5537-3668-6
000 01068nam0 2200253 450
001 0109110148
005 20201109110337.0
010    @a978-7-5537-3668-6@b精装@dCNY298.00
100    @a20141127e20202014em y0chiy50 ea
101 0  @achi@aeng
102    @aCN@b320000
105    @aa z 000yy
106    @ar
200 1  @a休闲办公空间@Axiu xian ban gong kong jian@dLeisure office space@f白路, 海阅通文化编@zeng
210    @a南京@c江苏凤凰科学技术出版社@d2014.10@h2020.07
215    @a311页@c图, 彩照@d30cm
330    @a本书选取了2013年、2014年最新办公休闲项目,作者从休闲文化的角度出发,把休闲文化的设计理念应用到项目评析中。本书从两个方面着重介绍休闲办公的设计,一方面,从休闲文化的理论层面,介绍休闲办公的前景、趋势,另一方面着重通过案例解析的形式,点评设计创意,启发设计师的设计灵感。
510 1  @aLeisure office space@zeng
606 0  @a办公建筑@Aban gong jian zhu@x室内装饰设计@j图集
690    @aTU243@v5
701  0 @a白路@Abai lu@4编
711 02 @a海阅通文化@Ahai yue tong wen hua@4编
801  0 @aCN@bBJSZM@c20201103
905    @b1213833-4@dTU243@e1712@f2
    
    休闲办公空间=Leisure office space/白路, 海阅通文化编.-南京:江苏凤凰科学技术出版社,2014.10(2020.07)
    311页:图, 彩照;30cm
    
    
    ISBN 978-7-5537-3668-6(精装):CNY298.00
    本书选取了2013年、2014年最新办公休闲项目,作者从休闲文化的角度出发,把休闲文化的设计理念应用到项目评析中。本书从两个方面着重介绍休闲办公的设计,一方面,从休闲文化的理论层面,介绍休闲办公的前景、趋势,另一方面着重通过案例解析的形式,点评设计创意,启发设计师的设计灵感。
●
相关链接 在E读中查询图书 在五车中查询图书 在当当中查询图书 在豆瓣中查询图书


正题名:休闲办公空间     索取号:TU243/1712         预约/预借

序号 登录号 条形码 馆藏地/架位号 状态 备注
1 1213833   212138337   第二样本阅览室/ [索取号:TU243/1712] 在馆    
2 1213834   212138346   第三借阅区/ [索取号:TU243/1712] 在馆    
唐山师范学院图书馆 欢迎您!
大连网信软件有限公司© 版权所有